Natural health secrets : (Record no. 8996)
[ view plain ]
| 000 -LEADER | |
|---|---|
| fixed length control field | 00526cam a2200193ua 4500 |
| 001 - CONTROL NUMBER | |
| control field | 10005 |
| 005 - DATE AND TIME OF LATEST TRANSACTION | |
| control field | 20260515114543.0 |
| 008 - FIXED-LENGTH DATA ELEMENTS--GENERAL INFORMATION | |
| fixed length control field | 170315n ii |||gr||||Z||||||eng |
| 020 ## - INTERNATIONAL STANDARD BOOK NUMBER | |
| International Standard Book Number | 8122203426 |
| 040 ## - CATALOGING SOURCE | |
| Transcribing agency | MAIN |
| 041 ## - LANGUAGE CODE | |
| Language code of text/sound track or separate title | eng |
| 082 ## - DEWEY DECIMAL CLASSIFICATION NUMBER | |
| Classification number | 613 |
| 100 ## - MAIN ENTRY--PERSONAL NAME | |
| Personal name | Chichester, Brian, |
| Relator term | Author. |
| 245 ## - TITLE STATEMENT | |
| Title | Natural health secrets : |
| Remainder of title | an a to z guide to the best home remedies / |
| Statement of responsibility, etc. | By Brian Chichester . |
| 260 ## - PUBLICATION, DISTRIBUTION, ETC. | |
| Place of publication, distribution, etc. | Delhi: |
| Name of publisher, distributor, etc. | Orient paperback, |
| Date of publication, distribution, etc. | 2003. |
| 300 ## - PHYSICAL DESCRIPTION | |
| Extent | 208p. |
| 653 ## - INDEX TERM--UNCONTROLLED | |
| Uncontrolled term | Personal health & safety |
| 942 ## - ADDED ENTRY ELEMENTS (KOHA) | |
| Koha item type | Books |
| Withdrawn status | Lost status | Damaged status | Not for loan | Home library | Current library | Shelving location | Date acquired | Total checkouts | Full call number | Barcode | Date last seen | Copy number | Price effective from | Koha item type |
|---|---|---|---|---|---|---|---|---|---|---|---|---|---|---|
| Naharkatiya College Library | Naharkatiya College Library | General stacks | 09/19/2020 | 613 | CHI | 16978 | 09/19/2020 | 1 | 09/19/2020 | Books |